[Event "Online Olym Div Top-A"]
[Site "Chess.com INT"]
[Date "2020.08.22"]
[Round "4.3"]
[White "Alinasab, Mobina"]
[Black "Charinda, Kudzanayi"]
[Result "1-0"]
[WhiteElo "2317"]
[BlackElo "1710"]
[PlyCount "63"]
[EventDate "2020.08.21"]
[EventType "tourn (rapid)"]
[EventRounds "9"]
[EventCountry "USA"]
[SourceTitle "CBM 198"]
[Source "ChessBase"]
[SourceDate "2020.10.31"]
[SourceVersion "1"]
[SourceVersionDate "2020.10.31"]
[SourceQuality "1"]
[WhiteTeam "Iran"]
[BlackTeam "Zimbabwe"]
[WhiteTeamCountry "IRI"]
[BlackTeamCountry "ZIM"]

1. e4 c5 2. Nf3 d6 3. d4 cxd4 4. Nxd4 Nf6 5. Nc3 a6 6. h3 e5 7. Nde2 Be6 8. g4 Nc6 9. Bg2 Be7 10. g5 Nd7 11. h4 Rc8 12. Be3 b5 13. Qd2 Nb6 14. b3 Qc7 15. Nd5 Bxd5 16. exd5 Nb8 17. c3 N8d7 18. Rc1 g6 19. h5 Nc5 20. Ng3 0-0 21. Ne4 Nxe4 22. Bxe4 Bd8 23. f3 Qe7 24. Qh2 Qd7 25. Kd2 b4 26. c4 a5 27. Ke2 a4 28. Bxb6 Bxb6 29. hxg6 fxg6 30. Bxg6 Rf7 31. Bxf7+ Qxf7 32. g6 1-0

[Event "Online Olym Div Top-A"]
[Site "Chess.com INT"]
[Date "2020.08.21"]
[Round "1.4"]
[White "Vaishali, Ramesh Babu"]
[Black "Charinda, Kudzanayi"]
[Result "1-0"]
[WhiteElo "2393"]
[BlackElo "1710"]
[PlyCount "95"]
[EventDate "2020.08.21"]
[EventType "tourn (rapid)"]
[EventRounds "9"]
[EventCountry "USA"]
[SourceTitle "CBM 198"]
[Source "ChessBase"]
[SourceDate "2020.10.31"]
[SourceVersion "1"]
[SourceVersionDate "2020.10.31"]
[SourceQuality "1"]
[WhiteTeam "India"]
[BlackTeam "Zimbabwe"]
[WhiteTeamCountry "IND"]
[BlackTeamCountry "ZIM"]

1. e4 c5 2. Nf3 d6 3. c3 Nf6 4. Be2 e6 5. 0-0 Be7 6. Qc2 Nc6 7. d4 cxd4 8. cxd4 0-0 9. Nc3 a6 10. d5 exd5 11. exd5 Ne5 12. Bf4 Ng6 13. Be3 Bg4 14. h3 Bxf3 15. Bxf3 b5 16. Qb3 Qd7 17. a4 bxa4 18. Rxa4 Rfb8 19. Qa3 Qb7 20. b4 Ne5 21. Be2 Nxd5 22. Nxd5 Qxd5 23. Bxa6 h6 24. Rc1 Qe6 25. Qc3 Qg6 26. b5 Bf6 27. Qc2 Qxc2 28. Rxc2 Nd7 29. Rc6 d5 30. Rd6 d4 31. Rxd7 dxe3 32. fxe3 Bd8 33. Rf4 Bf6 34. Rc4 Rb6 35. Rcc7 Rf8 36. Rc6 Rbb8 37. b6 Bg5 38. Kf2 Rfe8 39. Rd3 Bh4+ 40. g3 Bf6 41. b7 Be5 42. Rc8 Rf8 43. Rd7 f6 44. g4 Bh2 45. Kf3 Be5 46. Ke4 Bh2 47. Kf5 Be5 48. Kg6 1-0

[Event "Africa-ch (Women)"]
[Site "Livingstone"]
[Date "2018.05.20"]
[Round "9"]
[White "Charinda, Kudzanayi"]
[Black "Wafa, Shahenda"]
[Result "0-1"]
[WhiteElo "1692"]
[BlackElo "2148"]
[PlyCount "144"]
[EventDate "2018.05.13"]
[EventType "swiss"]
[EventRounds "9"]
[EventCountry "ZAM"]
[SourceTitle "CBM 184 Extra"]
[Source "ChessBase"]
[SourceDate "2018.06.28"]
[SourceVersion "1"]
[SourceVersionDate "2018.06.28"]
[SourceQuality "1"]

1. d4 Nf6 2. c4 g6 3. Nf3 Bg7 4. Nc3 0-0 5. e3 d6 6. Be2 Nbd7 7. 0-0 e5 8. d5 a5 9. Qc2 Nc5 10. e4 Nh5 11. Re1 f5 12. Ng5 f4 13. Bxh5 Qxg5 14. Bf3 Qh4 15. g3 Qf6 16. Bg2 g5 17. f3 h5 18. Rf1 Bh6 19. Kh1 Rf7 20. gxf4 gxf4 21. Nd1 Rg7 22. Nf2 Kh8 23. Bd2 Bd7 24. b4 axb4 25. Bxb4 Na6 26. Bc3 Rag8 27. Rg1 Bg5 28. Bh3 Qe7 29. Bxd7 Qxd7 30. Rg2 Bh4 31. Rxg7 Qxg7 32. Nh3 Qf6 33. Rg1 Nc5 34. Rxg8+ Kxg8 35. Bb4 Na6 36. Bc3 Kf7 37. a3 Qd8 38. Qg2 Qg8 39. Qxg8+ Kxg8 40. Kg2 Nc5 41. Ng1 Be7 42. Ne2 Na4 43. Ba1 Kf7 44. Nc3 Nb6 45. Nb5 Nxc4 46. Nxc7 Nxa3 47. Bb2 Nc4 48. Bc1 Bd8 49. Nb5 Ke7 50. Kf2 Bb6+ 51. Ke2 Bc5 52. Kd3 Nb6 53. Bd2 Kd7 54. Be1 Na4 55. Kc4 Nb2+ 56. Kc3 Nd1+ 57. Kd2 Ne3 58. Ke2 b6 59. Na7 Kc7 60. Nc6 b5 61. Ba5+ Kb7 62. Be1 Nc2 63. Kd2 Na3 64. Kd3 Nc4 65. Bh4 Bg1 66. h3 Kb6 67. Bd8+ Kc5 68. Bc7 Be3 69. Bb8 b4 70. Ne7 b3 71. Kc3 b2 72. Kc2 Bc1 0-1

[Event "Africa-ch (Women)"]
[Site "Livingstone"]
[Date "2018.05.16"]
[Round "5"]
[White "Vilhete, Vania Fausto da T"]
[Black "Charinda, Kudzanayi"]
[Result "1-0"]
[WhiteElo "1717"]
[BlackElo "1692"]
[PlyCount "69"]
[EventDate "2018.05.13"]
[EventType "swiss"]
[EventRounds "9"]
[EventCountry "ZAM"]
[SourceTitle "CBM 184 Extra"]
[Source "ChessBase"]
[SourceDate "2018.06.28"]
[SourceVersion "1"]
[SourceVersionDate "2018.06.28"]
[SourceQuality "1"]

1. d4 Nf6 2. c4 g6 3. Nc3 Bg7 4. e4 d6 5. Nf3 0-0 6. Be2 Nbd7 7. 0-0 b6 8. h3 e5 9. Bg5 Bb7 10. d5 a5 11. g3 h6 12. Be3 Nc5 13. Qc2 Qd7 14. b4 Na6 15. Rab1 Nb8 16. c5 bxc5 17. bxc5 Ba6 18. c6 Qc8 19. Bxa6 Nxa6 20. Rb7 Nh5 21. Rfb1 f5 22. Nh4 Kh7 23. exf5 gxf5 24. Nxf5 Qxf5 25. Qxf5+ Rxf5 26. g4 Rf3 27. Kg2 Raf8 28. gxh5 e4 29. Nxe4 Be5 30. Ra7 Nc5 31. Rxc7+ R8f7 32. Rxf7+ Rxf7 33. Nxc5 Rg7+ 34. Kf1 dxc5 35. Bxc5 1-0

[Event "Africa-ch (Women)"]
[Site "Livingstone"]
[Date "2018.05.15"]
[Round "4"]
[White "Charinda, Kudzanayi"]
[Black "Banda, Maria"]
[Result "1/2-1/2"]
[WhiteElo "1692"]
[BlackElo "1584"]
[PlyCount "94"]
[EventDate "2018.05.13"]
[EventType "swiss"]
[EventRounds "9"]
[EventCountry "ZAM"]
[SourceTitle "CBM 184 Extra"]
[Source "ChessBase"]
[SourceDate "2018.06.28"]
[SourceVersion "1"]
[SourceVersionDate "2018.06.28"]
[SourceQuality "1"]

1. c4 e5 2. Nc3 Nf6 3. d3 d5 4. cxd5 Nxd5 5. Nf3 Nc6 6. g3 Bb4 7. Bd2 Nxc3 8. Bxc3 Bxc3+ 9. bxc3 0-0 10. Bg2 Re8 11. 0-0 Bg4 12. Qc2 Qf6 13. Rab1 Rab8 14. Qa4 e4 15. dxe4 Qxc3 16. Rfc1 Qf6 17. e5 Qe6 18. Ng5 Qf5 19. h4 h6 20. Bxc6 bxc6 21. Rxb8 Rxb8 22. Qxa7 Re8 23. Nf3 Bxf3 24. exf3 Qxe5 25. Rxc6 Qd5 26. Rc1 Ra8 27. Qxc7 Rxa2 28. Qb8+ Kh7 29. Qb1+ g6 30. Qe4 Qxe4 31. fxe4 Kg7 32. Kg2 Ra7 33. Rc6 Re7 34. f3 Re5 35. Kf2 Ra5 36. Rd6 Ra2+ 37. Ke3 h5 38. Kf4 Rh2 39. e5 Re2 40. Rd4 Rb2 41. Re4 Rb6 42. Re3 Kh6 43. g4 Rb4+ 44. Re4 Rb6 45. gxh5 Kxh5 46. Kg3 Rc6 47. Re3 Ra6 1/2-1/2